| 000 | 00391nam a2200145Ia 4500 | ||
|---|---|---|---|
| 008 | 151213s9999 xx 000 0 und d | ||
| 100 | _aClose, B.F. | ||
| 245 |
_aPatterns for a purpose: _b A rhetorical reader _cClose, B.F. |
||
| 260 |
_aBoston _bMcGraw hill _c1999 |
||
| 300 | _a1757 p. | ||
| 650 | _a English Language | ||
| 650 | _aEnglish Language | ||
| 700 | _aClose, B.F. | ||
| 999 |
_c1292 _d1292 |
||